01362nam a2200349Ia 4500001001200000003000800012006001900020007001500039008004100054020002100095020002100116020001800137020002600155040002100181035002000202050002400222082001400246245009400260260006500354300002600419490003000445504005100475533015200526650004500678650003000723655002900753700002800782700001600810710001700826830004300843856012600886ebr10682698CaPaEBRm u cr cn|||||||||980521s1997 enka sb 001 0 eng d z0761950664 (hdk) z0761950672 (pbk) z9780761950677 z9781848609259 (ebook) aCaPaEBRcCaPaEBR a(OCoLC)4584363414aHB801b.S459 1997eb04a306.322304aThe shopping experienceh[electronic resource] /cedited by Pasi Falk and Colin Campbell. aLondon ;aThousand Oaks, Calif. :bSage Publications,c1997. aviii, 212 p. :bill. 1 aTheory, culture & society aIncludes bibliographical references and index. aElectronic reproduction.bPalo Alto, Calif. :cebrary,d2013.nAvailable via World Wide Web.nAccess may be limited to ebrary affiliated libraries. 0aConsumption (Economics)xSocial aspects. 0aShoppingxSocial aspects. 7aElectronic books.2local1 aCampbell, Colin,d1940-1 aFalk, Pasi.2 aebrary, Inc. 0aTheory, culture & society (Unnumbered)40uhttp://site.ebrary.com/lib/rucke/Doc?id=10682698zAn electronic book accessible through the World Wide Web; click to view